| 000 | 00596nam a2200181 i 4500 | ||
|---|---|---|---|
| 001 | 58828 | ||
| 003 | ES-MaACL | ||
| 005 | 20230906163910.0 | ||
| 007 | t| | ||
| 008 | 031024s1969 sp ||||1| spa d | ||
| 100 | 1 |
_aEgg, María. _946717 |
|
| 245 | 1 | 0 |
_aA hombres diferentes, rutas de vida distintas / _cMaría Egg ; [traducción Elena Humbert]. |
| 260 |
_a[Madrid] : _bFundación Centro de Enseñanza Especial, _c[1969] |
||
| 300 |
_a129 p. ; _c19 cm. |
||
| 700 | 1 |
_aHumbert, Elena. _964705 |
|
| 710 | 2 |
_aFundación Centro de Enseñanza Especial. _94250 |
|
| 852 |
_aES-MaACL _jC-51641 _bR.72795 |
||
| 999 |
_c58828 _d58828 |
||